Enfoirés 2024 - Les artistes - Statistiques

Statistiques générales
  • Ce quiz a été pris 227 fois
  • Le résultat moyen est 24 sur 47
Statistiques - réponses
Activité Nom des artistes % Correct
Chanson Patrick Bruel
84%
Chanson Patrick Fiori
79%
Chanson Zaz
76%
Sport Antoine Dupont
74%
Chanson Zazie
73%
Chanson Jenifer
71%
Sport Sébastien Chabal
71%
Chanson Matt Pokora
67%
Comédie/Humour Kad Merad
66%
Comédie/Humour Philippe Lacheau
66%
Chanson Slimane
66%
Chanson Vianney
66%
Chanson Vitaa
66%
Comédie/Humour Michèle Laroque
65%
Chanson Nolwenn Leroy
62%
Comédie/Humour Michaël Youn
61%
Chanson Soprano
60%
1ère participation Santa
57%
Chanson Kendji Girac
56%
Comédie/Humour Tarek Boudali
56%
Comédie/Humour Dany Boon
55%
Chanson Julien Clerc
55%
Comédie/Humour Elodie Fontan
54%
Chanson Claudine Capéo
51%
Chanson Shy'm
51%
Chanson Christophe Willem
50%
Chanson Jean-Louis Aubert
50%
1ère participation Claudia Tagbo
49%
Sport Esteban Ocon
48%
Chanson Lara Fabian
47%
Chanson Claire Keim
46%
Chanson Mentissa
46%
Comédie/Humour Julien Arruti
44%
Comédie/Humour Nicolas Canteloup
43%
Chanson Joyce Jonathan
40%
Chanson Jean-Baptiste Maunier
39%
Chanson Jérémy Frérot
39%
Chanson Anne Sila
34%
Comédie/Humour Arnaud Ducret
34%
Sport Marie-Agnès Gillot
34%
1ère participation Ycare
34%
Chanson Sofia Essaïdi
30%
Chanson Raphaël
28%
1ère participation Gaetan Roussel
25%
1ère participation Marc Moreau
16%
Sport Germain Louvet
15%
1ère participation Yvon Demol
14%
Aucun quiz correspondant
Distribution des résultats
% des personnes avec chaque résultat
Percentile par nombre de réponses
Votre historique - résultats
Vous n’avez pas pris ce quiz